Pays selon les capitales, de A à Z - Statistiques

Statistiques générales
  • Ce quiz a été pris 248 fois
  • Le résultat moyen est 20 sur 24
Statistiques - réponses
Capitale Pays % Correct
Brasilia Bresil
99%
Paris France
99%
Rome Italie
99%
Tokyo Japon
99%
Ottawa Canada
98%
Le Caire Egypte
98%
Copenhague Danemark
97%
Oslo Norvège
96%
Budapest Hongrie
95%
Berne Suisse
95%
Ankara Turquie
90%
Kaboul Afghanistan
87%
Doha Qatar
84%
Montevideo Uruguay
84%
Caracas Venezuela
81%
Bamako Mali
80%
Manille Philippines
77%
Tbilissi Georgie
76%
Astana Kazakhstan
75%
Sanaa Yémen
67%
Harare Zimbabwe
66%
Tachkent Ouzbékistan
63%
Vientiane Laos
61%
Kigali Rwanda
57%
Aucun quiz correspondant
Distribution des résultats
% des personnes avec chaque résultat
Percentile par nombre de réponses
Votre historique - résultats
Vous n’avez pas pris ce quiz